Sociología de las enfermedades mentales
Kaydedildi:
| Yazar: | |
|---|---|
| Materyal Türü: | Kitap |
| Dil: | İspanyolca |
| Baskı/Yayın Bilgisi: |
Ciudad de México
Siglo Veintiuno
1967
|
| Konular: | |
| Etiketler: |
Etiketle
Etiket eklenmemiş, İlk siz ekleyin!
|
MARC
| LEADER | 00000nam a2200000 a 4500 | ||
|---|---|---|---|
| 001 | UCX5212 | ||
| 003 | CL-VaPUC | ||
| 008 | 921006e19670000MX |||||||||||||||||spa|d | ||
| 082 | 0 | 4 | |a 362.204 |b BAS |2 21 |
| 100 | 0 | |a Bastide, Roger |e author |9 321477 | |
| 245 | 1 | 0 | |a Sociología de las enfermedades mentales |
| 300 | |a 364 p | ||
| 942 | |c BK | ||
| 945 | |d 19921006 00:00:00 | ||
| 260 | |a Ciudad de México |b Siglo Veintiuno |c 1967 | ||
| 650 | 7 | |a PSIQUIATRIA SOCIAL |2 CL-VaPUC |9 319299 | |
| 583 | |a last modification |c 19921006 00:00:00 |k Rodrigo Vera | ||
| 999 | |c 225510 |d 225508 | ||
| 952 | |0 0 |1 0 |4 0 |6 362_204000000000000_BAS_1967 |7 0 |8 A |9 223077 |a BIBHIS |b BIBHIS |d 2019-11-15 |i 2919311 |o 362.204 BAS 1967 |p 2919311 |r 2025-01-20 |w 2019-11-15 |y BK |k HIS | ||